Science and the quest for meaning / (Record no. 22376)

MARC details
000 -LEADER
fixed length control field 00755cam a2200193 a 4500
020 ## - INTERNATIONAL STANDARD BOOK NUMBER
ISBN 9781602582101 (hardcover : alk. paper)
020 ## - INTERNATIONAL STANDARD BOOK NUMBER
ISBN 1602582106 (hardcover : alk. paper)
082 00 - DEWEY DECIMAL CLASSIFICATION NUMBER
Classification number 501
Author Cutter TAU
100 1# - MAIN ENTRY--AUTHOR NAME
Author name Tauber, Alfred I.
245 10 - TITLE STATEMENT
Title Science and the quest for meaning /
260 ## - PUBLICATION, DISTRIBUTION, ETC. (IMPRINT)
Place of publication Waco, Tex. :
Name of publisher Baylor University Press,
Year of publication c2009.
300 ## - PHYSICAL DESCRIPTION
Number of Pages xi, 255 p. ;
505 0# - FORMATTED CONTENTS NOTE
Formatted contents note Introduction: Concerning scientific reason -- What is science? -- Nineteenth-century positivism -- The fall of positivism -- The science wars -- Science in its socio-political contexts -- Conclusion: The challenge of coherence.
650 #0 - SUBJECT ADDED ENTRY--TOPICAL TERM
Topical Term Science
650 #0 - SUBJECT ADDED ENTRY--TOPICAL TERM
Topical Term Science and the humanities.
650 #0 - SUBJECT ADDED ENTRY--TOPICAL TERM
Topical Term Philosophy, Modern
942 ## - ADDED ENTRY ELEMENTS (KOHA)
Koha item type Books
Holdings
Home library Current library Shelving location Date acquired Full call number Accession Number Koha item type
Henry Martyn Institute Library Henry Martyn Institute Library General stacks 10/24/2018 501 TAU 11-3750 Books
                   Copyright © 2026 | Henry Martyn Institute | Hyderabad | TS-500052 | INDIA | Implemented by hmi.edu.in
Hit-Count:

Powered by Koha